Genre, clichés, stéréotypes : la parole donnée aux enfants (notice n° 1636178)

détails MARC
000 -LEADER
fixed length control field 01619cam a2200205 4500500
005 - DATE AND TIME OF LATEST TRANSACTION
control field 20260111144542.0
041 ## - LANGUAGE CODE
Language code of text/sound track or separate title fre
042 ## - AUTHENTICATION CODE
Authentication code dc
100 10 - MAIN ENTRY--PERSONAL NAME
Personal name Biren, Aude
Relator term author
245 00 - TITLE STATEMENT
Title Genre, clichés, stéréotypes : la parole donnée aux enfants
260 ## - PUBLICATION, DISTRIBUTION, ETC.
Date of publication, distribution, etc. 2016.<br/>
500 ## - GENERAL NOTE
General note 18
520 ## - SUMMARY, ETC.
Summary, etc. L'analyse des écarts d'orientation scolaire entre filles et garçons ou les disparités dans le monde du travail témoignent d'une socialisation encore fortement différenciée et stéréotypée. L'environnement social, familial et éducatif contribue, même inconsciemment, à transmettre aux enfants des clichés genrés. Sur cette problématique, la compagnie Entrées de jeu a créé un débat théâtral soutenu par la fédération de Paris de la Ligue de l'enseignement à destination de classes du cycle 2 de l'école primaire. Dans un premier temps, l'article décrit le processus d'élaboration de ce débat théâtral ; dans un second temps, il rend compte de façon empirique de certaines séances en présentant une typologie de réactions et de propositions d'enfants. Ce relevé permet enfin d'envisager l'écart entre leurs représentations sur les stéréotypes de genre et nos représentations d'adultes médiateurs sur les objectifs de l'action mise en place.
690 ## - LOCAL SUBJECT ADDED ENTRY--TOPICAL TERM (OCLC, RLIN)
Topical term or geographic name as entry element clichés
690 ## - LOCAL SUBJECT ADDED ENTRY--TOPICAL TERM (OCLC, RLIN)
Topical term or geographic name as entry element débat théâtral
690 ## - LOCAL SUBJECT ADDED ENTRY--TOPICAL TERM (OCLC, RLIN)
Topical term or geographic name as entry element outil éducatif.
690 ## - LOCAL SUBJECT ADDED ENTRY--TOPICAL TERM (OCLC, RLIN)
Topical term or geographic name as entry element stéréotypes de genre
786 0# - DATA SOURCE ENTRY
Note Le français aujourd'hui | 193 | 2 | 2016-07-01 | p. 87-96 | 0184-7732
856 41 - ELECTRONIC LOCATION AND ACCESS
Uniform Resource Identifier <a href="https://shs.cairn.info/revue-le-francais-aujourd-hui-2016-2-page-87?lang=fr&redirect-ssocas=7080">https://shs.cairn.info/revue-le-francais-aujourd-hui-2016-2-page-87?lang=fr&redirect-ssocas=7080</a>

Pas d'exemplaire disponible.

PLUDOC

PLUDOC est la plateforme unique et centralisée de gestion des bibliothèques physiques et numériques de Guinée administré par le CEDUST. Elle est la plus grande base de données de ressources documentaires pour les Étudiants, Enseignants chercheurs et Chercheurs de Guinée.

Adresse

627 919 101/664 919 101

25 boulevard du commerce
Kaloum, Conakry, Guinée

Réseaux sociaux

Powered by Netsen Group @ 2025